Zhodnotenie vplyvu determinantov kapitálovej štruktúry na vzorke podnikov v Slovenskej republike

Úvod do kapitálovej štruktúry podniku. Determinanty kapitálovej štruktúry - teoretické východiská. Údajová základňa. Špecifikácia empirického modelu. Výsledky modelu. Výsledky a diskusia.

Gespeichert in:
Bibliographische Detailangaben
1. Verfasser: Kanderová, Mária
Format: Buchkapitel
Sprache:Slowakisch
Schlagworte:
Tags: Tag hinzufügen
Keine Tags, Fügen Sie das erste Tag hinzu!

MARC

LEADER 00000naa$a2200000$$$4500
001 0005905
005 20231004104259.9
041 0 |a slo 
044 |a CZ 
245 1 0 |a Zhodnotenie vplyvu determinantov kapitálovej štruktúry na vzorke podnikov v Slovenskej republike  |c aut. Mária Kanderová 
520 |a Úvod do kapitálovej štruktúry podniku. Determinanty kapitálovej štruktúry - teoretické východiská. Údajová základňa. Špecifikácia empirického modelu. Výsledky modelu. Výsledky a diskusia. 
610 2 0 |a štruktúra kapitálová 
610 2 0 |a financie podnikové 
610 2 0 |a rozhodovanie finančné 
610 2 0 |a kapitál podnikový 
610 2 0 |a modely štruktúrne 
100 1 |a Kanderová, Mária